Vyšiel Šačanský hlas

Bibliographic Details
Main Author: (H) (Author)
Format: Article
Language:Slovak
Subjects:

MARC

LEADER 00000nab a2200000u 4500
001 vtls012132939
003 SK-MaSNL
005 20260303100328.0
008 220429|1962 xo ||||||| || ||slo|
038 |a KEVKJB 
040 |a KEVKJB  |b slo  |e rda 
041 0 |a slo 
043 |a e-xo--- 
044 |a xo  |c SK 
072 7 |a 070  |x Noviny. Tlač. Žurnalistika  |2 konspekt 
080 |a 070.48  |2 2011 
100 1 |a (H)  |4 aut  |9 843075 
245 1 0 |a Vyšiel Šačanský hlas  |c [autor] (H) 
336 |a text  |b txt  |2 rdacontent 
337 |a bez média  |b n  |2 rdamedia 
338 |a zväzok  |b nc  |2 rdacarrier 
650 0 7 |a miestne noviny  |2 kevkjb  |9 1082374 
651 7 |a Košice (Slovensko)  |2 SNKPHgeo  |9 18694 
651 7 |a Šaca (Košice II, Slovensko)  |2 SNKPHgeo  |9 29391 
773 0 |t Zora východu  |g Roč. 3, č. 30 (1962), s. 2 
852 |a KEVKJB  |b KIS3GCP 
999 |c 1832649  |d 1834579